000 00438cam a2200169ua 4500
001 5617
008 131005n ii |||gr||||Z||||||asm
040 _cMAIN
082 _a954.162
245 _aNaharkatiar Etihas Praramvika
_cBy Gopal Nahardeka
260 _aNaharkatia:
_bMicroprintings,
_c2010.
300 _ax,101p.
653 _aHistory
653 _aNaharkatia Itihas Praramvika
700 _aNahardeka,Gopal,
_eAuthor.
942 _cBK
999 _c4778
_d4778